000
00296nam a2200145Ia 4500
100
_a
Siegel/Charles
942
_c
BK
654
_a
Foxpro
245
_a
Mastering Foxpro
260
_b
BPB Publication
_a
Delhi
_c
1990
082
_a
1.64
_b
SIE
300
_a
639
546
_a
ENGLISH
999
_c
29592
_d
29592